[Event "GM"]
[Site "Hockenheim/Willingen GER"]
[Date "2006.05.07"]
[Round "6"]
[White "Tomashevsky,E"]
[Black "Gasthofer,A"]
[Result "1/2-1/2"]
[WhiteElo "2595"]
[BlackElo "2415"]

1.Nf3 d5 2.g3 Nf6 3.Bg2 c6 4.d3 Bg4 5.Nbd2 Nbd7 6.O-O e5 7.h3 Bh5 8.e4 Bd6
9.c3 O-O 10.Qc2 Re8 11.Re1 Bf8 12.Nh4 dxe4 13.dxe4 Nc5 14.Bf1 a5 15.Ndf3 Qc7
16.a4 Nfd7 17.Bc4 Nb6 18.Ba2 Bxf3 19.Nxf3 h6 20.Be3 Ncxa4 21.Nh4 Nc5 22.Nf5 Kh7
23.Qe2 Ne6 24.Qg4 Nd7 25.Rad1 Nf6  1/2-1/2

[Event "GM"]
[Site "Hockenheim/Willingen GER"]
[Date "2006.05.08"]
[Round "7"]
[White "Gasthofer,A"]
[Black "Doettling,F"]
[Result "1/2-1/2"]
[WhiteElo "2415"]
[BlackElo "2550"]

1.Nf3 d5 2.g3 Nf6 3.Bg2 e6 4.O-O Be7 5.d4 O-O 6.c4 dxc4 7.Qc2 a6 8.a4 Bd7
9.Rd1 Bc6 10.Nc3 Bxf3 11.Bxf3 Nc6 12.Bxc6 bxc6 13.a5 Rb8 14.Bg5 Rb4 15.Na2 Rb5
16.Bxf6 Bxf6 17.Nc3 Rb4 18.Na2 Rb5 19.Nc3 Rb4 20.Na2 Rb5 21.Nc3  1/2-1/2

[Event "FSIMA May"]
[Site "Budapest HUN"]
[Date "2006.05.09"]
[Round "4"]
[White "Werner,Di"]
[Black "Adams,N"]
[Result "1-0"]
[WhiteElo "2333"]
[BlackElo "2192"]

1.Nf3 d5 2.g3 Bg4 3.Ne5 Bf5 4.Bg2 Nd7 5.d4 Be4 6.f3 Bf5 7.e4 Nxe5 8.exf5 Nc6
9.c3 Qd7 10.Qd3 h5 11.h4 Nh6 12.Bh3 O-O-O 13.Bf4 e6 14.fxe6 fxe6 15.Bxh6 Rxh6
16.Nd2 Ne7 17.O-O-O Nf5 18.f4 Bd6 19.Rde1 Kb8 20.Kb1 a6 21.Rhg1 Rf6 22.Nf3 g6
23.Ng5 Re8 24.Rg2 Re7 25.Rge2 Ka7 26.a3 c6 27.Bxf5 exf5 28.Rxe7 Bxe7 29.Re5 Rf8
30.Qe3 Bf6 31.Re6 Ka8 32.Nf3 Ka7 33.Ne1 b6 34.Nd3 a5 35.b4 a4 36.Nb2 b5 37.Nd3 Qc8
38.Rxf6  1-0

[Event "FSGM May"]
[Site "Budapest HUN"]
[Date "2006.05.10"]
[Round "5"]
[White "Valdes,Le"]
[Black "Brinck Claussen,B"]
[Result "1-0"]
[WhiteElo "2374"]
[BlackElo "2359"]

1.Nf3 d5 2.g3 c6 3.Bg2 Bg4 4.O-O Nd7 5.d3 Ngf6 6.Nbd2 e5 7.e4 Bd6 8.h3 Bh5
9.exd5 cxd5 10.c4 d4 11.a3 a5 12.Qc2 O-O 13.b3 Nc5 14.Bb2 Bg6 15.Ne1 Qb6
16.Rb1 Ne6 17.Bc1 Qc7 18.b4 axb4 19.axb4 Be7 20.Qb3 h5 21.h4 Bf5 22.Ne4 Bxe4
23.dxe4 d3 24.Nxd3 Nd4 25.Qb2 Ra4 26.Be3 Qxc4 27.Nxe5 Ne2+ 28.Kh1 Qb5 29.Bc5 Re8
30.Qb3 Bxc5 31.Qxf7+ Kh8 32.bxc5 Qxc5 33.Rxb7  1-0

[Event "FSIMB May"]
[Site "Budapest HUN"]
[Date "2006.05.11"]
[Round "6"]
[White "Ignacz,M"]
[Black "Kaufman,R"]
[Result "1/2-1/2"]
[WhiteElo "2228"]
[BlackElo "2230"]

1.g3 d5 2.Nf3 c6 3.Bg2 Bg4 4.d3 Nd7 5.Nbd2 e6 6.O-O Bd6 7.c4 Ne7 8.h3 Bh5
9.b3 O-O 10.Bb2 a5 11.a3 f6 12.Nd4 Bf7 13.cxd5 exd5 14.e4 Qb6 15.Nc2 Rad8
16.exd5 Bxd5 17.Bxd5+ cxd5 18.d4 f5 19.Ne1 Nf6 20.Nd3 Ne4 21.Nf3 Ng6 22.Bc1 Qc7
23.Bg5 Rde8 24.Nde5 Bxe5 25.dxe5 Nxg5 26.Nxg5 Qxe5 27.Qh5 h6 28.Qxg6 hxg5
29.Qxg5 f4 30.Qxe5 Rxe5 31.g4 Rd8 32.Rfd1 Kf7 33.Kg2 Ke6 34.h4 Re4 35.Kf3 Rh8
36.h5 g6 37.Rh1 gxh5 38.gxh5 Rd4 39.h6 Kf5 40.Rh5+ Kg6 41.Rah1 Rh7 42.Re5 Kf6
43.Re8 Rd3+ 44.Kxf4 Rxb3 45.Rh5 Kg6 46.Kg4 Rxa3 47.Rxd5 Ra4+ 48.f4 Rf7 49.Rg8+ Kh7
50.Rg7+ Rxg7+ 51.hxg7 Kxg7 52.Rd7+ Kf6 53.Rxb7 Rb4 54.Ra7 Rb5 55.Ra6+ Kf7
56.f5 Rb1 57.Ra7+ Kf6 58.Ra6+ Kf7 59.Rxa5 Rg1+ 60.Kf4 Rf1+  1/2-1/2

[Event "TSF/SKS Junior Open"]
[Site "Skovlunde DEN"]
[Date "2006.05.12"]
[Round "4"]
[White "Ivanov,MM"]
[Black "Semcesen,D"]
[Result "1-0"]
[WhiteElo "2443"]
[BlackElo "2195"]

1.Nf3 d5 2.g3 Nf6 3.Bg2 c6 4.O-O Bf5 5.d3 e6 6.Nh4 Bg6 7.Nxg6 hxg6 8.Nd2 Nbd7
9.e4 Bd6 10.c3 O-O 11.Qe2 Qc7 12.f4 dxe4 13.dxe4 e5 14.f5 gxf5 15.Rxf5 Rfe8
16.Nc4 Bf8 17.Bg5 Nh7 18.Bd2 b5 19.Ne3 Rad8 20.Raf1 Nc5 21.Rxf7 Qxf7 22.Rxf7 Kxf7
23.c4 a6 24.Ba5 Ra8 25.Qh5+ Kg8 26.Ng4 Nd7 27.Qg6 Ndf6 28.Nh6+ Kh8 29.Nf7+ Kg8
30.Bh3 Bc5+ 31.Kg2 Nf8 32.Nh6+ Kh8 33.Qf5 Ra7 34.Ng4 N8d7 35.b4 Bd4 36.c5 Kg8
37.Qg6 Kf8 38.Nxf6 Nxf6 39.g4 Rf7 40.g5 Ng8 41.Qxc6 Rf2+ 42.Kg3  1-0

[Event "FSIMB May"]
[Site "Budapest HUN"]
[Date "2006.05.13"]
[Round "8"]
[White "Farago,S"]
[Black "Lengyel,B"]
[Result "1/2-1/2"]
[WhiteElo "2262"]
[BlackElo "2313"]

1.Nf3 d5 2.g3 Nf6 3.Bg2 Bf5 4.d3 e6 5.O-O h6 6.b3 Nbd7 7.Bb2 Bc5 8.Nbd2 O-O
9.h3 Bh7 10.Re1 Re8 11.e4 dxe4 12.dxe4 e5 13.a3 a5 14.Qe2 c6 15.Kh2 b5 16.Nh4 Qb6
17.Kg1 Bd4 18.Bxd4 Qxd4 19.a4 Qb6 20.Nf5 Nc5 21.Qe3 Ncd7 22.Qe2 Nc5 23.Qe3 Ncd7  1/2-1/2

[Event "Hollinberger Mem"]
[Site "Indianapolis USA"]
[Date "2006.05.13"]
[Round "2"]
[White "Van de Mortel,J"]
[Black "Dean,J"]
[Result "1-0"]
[WhiteElo "2412"]
[BlackElo "2243"]

1.Nf3 d5 2.g3 Bg4 3.Bg2 Nd7 4.O-O c6 5.d3 e5 6.c4 Ngf6 7.cxd5 cxd5 8.Qa4 Bd6
9.Bg5 O-O 10.Nc3 Be6 11.Nb5 Bb8 12.Rfc1 a6 13.Nc3 h6 14.Bxf6 Nxf6 15.d4 e4
16.Ne5 b5 17.Qd1 Qb6 18.e3 Bd6 19.a4 Rac8 20.Bf1 b4 21.a5 Qb8 22.Ne2 Bxe5
23.dxe5 Ng4 24.Nf4 Nxe5 25.Bxa6 Rxc1 26.Rxc1 Qd8 27.Be2 Qxa5 28.Qd4 Nd7 29.Rc6 Nf6
30.Nxe6 fxe6 31.Rxe6 b3 32.Kg2 Qe1 33.Qd1 Qb4 34.Rc6 Re8 35.Rc3 Rb8 36.Qd2 Kh7
37.Bd1 Qa4 38.Rc7 Rd8 39.Qc3 d4 40.exd4 Nd5 41.Qc4 Qa1 42.Qc1 Qxc1 43.Rxc1 Nb6
44.Bxb3 Rxd4 45.Be6 Kg6 46.Rc6 Na4 47.b3 Nb2 48.Bg4+ Kf7 49.Bh5+ Ke7 50.Rc2 Nd3
51.Kf1 Rb4 52.Rc3 Kf6 53.Be2 Ne5 54.Ke1 g6 55.Kd2 Kf5 56.h3 h5 57.Kc2 Rb8
58.f4 exf3 59.Bxf3 Rd8 60.b4 h4 61.gxh4 Rd4 62.Rb3 Rxh4 63.Be2 Nc6 64.Bg4+ Ke5
65.Kc3 Rh8 66.Rb1 Rd8 67.b5 Nd4 68.b6  1-0

[Event "Hollinberger Mem"]
[Site "Indianapolis USA"]
[Date "2006.05.13"]
[Round "2"]
[White "Van de Mortel,J"]
[Black "Dean,J"]
[Result "1-0"]
[WhiteElo "2412"]
[BlackElo "2243"]

1.Nf3 d5 2.g3 Bg4 3.Bg2 Nd7 4.O-O c6 5.d3 e5 6.c4 Ngf6 7.cxd5 cxd5 8.Qa4 Bd6
9.Bg5 O-O 10.Nc3 Be6 11.Nb5 Bb8 12.Rfc1 a6 13.Nc3 h6 14.Bxf6 Nxf6 15.d4 e4
16.Ne5 b5 17.Qd1 Qb6 18.e3 Bd6 19.a4 Rac8 20.Bf1 b4 21.a5 Qb8 22.Ne2 Bxe5
23.dxe5 Ng4 24.Nf4 Nxe5 25.Bxa6 Rxc1 26.Rxc1 Qa7 27.Be2 Qxa5 28.Qd4 Nd7 29.Rc6 Nf6
30.Nxe6 fxe6 31.Rxe6 b3  1-0

[Event "Hollinberger Mem"]
[Site "Indianapolis USA"]
[Date "2006.05.14"]
[Round "5"]
[White "Van de Mortel,J"]
[Black "Goldin,A"]
[Result "1/2-1/2"]
[WhiteElo "2412"]
[BlackElo "2587"]

1.Nf3 d5 2.g3 c6 3.Bg2 Bg4 4.O-O Nd7 5.d3 Ngf6 6.c4 dxc4 7.dxc4 e5 8.Qc2 Be7
9.Nc3 O-O 10.h3 Bh5 11.Nh4 Re8 12.Be3 Qc7 13.Rab1 Nc5 14.Bxc5 Bxc5 15.b4 Bf8
16.Ne4 Nxe4 17.Bxe4 Bg6 18.Nxg6 hxg6 19.g4 Rad8 20.c5 Qd7 21.Rfd1 Qe6 22.e3 Be7
23.b5 Rxd1+  1/2-1/2

[Event "1st Open"]
[Site "Sofia BUL"]
[Date "2006.05.14"]
[Round "5"]
[White "Nikolov,Sas"]
[Black "Kozhuharov,S"]
[Result "1-0"]
[WhiteElo "2354"]
[BlackElo "2394"]

1.Nf3 d5 2.g3 Nf6 3.Bg2 c6 4.O-O Bg4 5.d3 Nbd7 6.Nbd2 e5 7.e4 dxe4 8.dxe4 Bc5
9.Qe1 O-O 10.Nb3 Bd6 11.a4 Re8 12.h3 Be6 13.Nbd2 h6 14.Qe2 Qc7 15.Nc4 Bc5
16.b3 b5 17.Nb2 a6 18.Nd3 Bd6 19.Nh4 c5 20.Nf5 Bxf5 21.exf5 e4 22.Nb2 Qc6
23.c4 b4 24.Nd1 Ne5 25.Bb2 Nf3+ 26.Bxf3 exf3 27.Qd3 Be7 28.Ne3 Rad8 29.Qc2 Ne4
30.Nd5 Bf6 31.Rae1 Nc3 32.Bxc3 bxc3 33.Re4 Bd4 34.Rfe1 Kf8 35.Kf1 Rxe4 36.Qxe4 Re8
37.Qxf3 Rxe1+ 38.Kxe1 Qb7 39.Qd1 Qb8 40.Qc2 Qe5+ 41.Kd1 h5 42.f4 Qb8 43.Kc1 Qe8
44.Kd1 Qb8 45.g4 h4 46.g5 a5 47.Ke1 Kg8 48.g6 Bf6 49.Qe2 fxg6 50.fxg6 c2
51.Nxf6+ gxf6 52.Qe6+ Kg7 53.Qf7+ Kh6 54.Qh7+  1-0

[Event "ch-St Petersburg w"]
[Site "St Petersburg RUS"]
[Date "2006.05.15"]
[Round "3"]
[White "Kirillova,V"]
[Black "Sudakova,I"]
[Result "0-1"]
[WhiteElo "2225"]
[BlackElo "2391"]

1.Nf3 d5 2.g3 Nf6 3.Bg2 c5 4.O-O Nc6 5.d3 e5 6.e4 Be7 7.Nc3 d4 8.Ne2 Qc7
9.Ne1 Nd7 10.f4 f6 11.f5 b6 12.c3 Bb7 13.cxd4 cxd4 14.a3 O-O-O 15.b4 Kb8
16.Bd2 Rc8 17.Nc1 b5 18.a4 Nxb4 19.axb5 Nc2 20.Ra2 Ne3 21.Qa4 Bc5 22.Rf2 Bb6
23.Bf3 g6 24.fxg6 hxg6 25.Nb3 Nc5 26.Nxc5 Bxc5 27.Nc2 Bb6 28.Ne1 f5 29.Bxe3 dxe3
30.Rfe2 f4 31.gxf4 exf4 32.d4 Qd7 33.d5 g5 34.Rg2 Rc1 35.Rae2 Qh3 36.Bg4 Qh4
37.Qb4 Bd4 38.h3 Bc3 39.Qd6+ Ka8 40.Qc7 Rxe1+ 41.Rxe1 Qxe1+ 42.Kh2 f3  0-1

[Event "ch-UKR sf"]
[Site "Alushta UKR"]
[Date "2006.05.18"]
[Round "6"]
[White "Muhtarov,L"]
[Black "Brovko,A"]
[Result "1/2-1/2"]
[WhiteElo "2136"]
[BlackElo "2283"]

1.Nf3 d5 2.g3 c6 3.Bg2 Bf5 4.d3 Nf6 5.Nbd2 Nbd7 6.O-O e5 7.Qe1 Bd6 8.e4 dxe4
9.dxe4 Bg6 10.Nh4 O-O 11.a4 Re8 12.Nc4 Nb6 13.Nxd6 Qxd6 14.a5 Nbd7 15.b3 Rad8
16.a6 b6 17.Ba3 Qc7 18.Qe2 Nf8 19.Rfd1 Ne6 20.c3 Bh5 21.f3 Bg6 22.Bf1 c5
23.Ng2 Re7 24.Rxd8+ Qxd8 25.Rd1 Rd7 26.Rxd7 Qxd7 27.Ne3 Nc7 28.Qd3 Kf8 29.b4 Qxd3
30.Bxd3 Nd7 31.b5 Ke7 32.Bc4 f6 33.Nf5+ Bxf5 34.exf5 g6 35.fxg6 hxg6 36.Kf2 Kd6
37.Bb3 f5 38.c4 Ke7 39.Bc2 Ne6 40.h4 Nf6 41.Bb2 Nd4 42.Ke3 Ke6 43.Bb1 Kf7
44.Bd3 Ke7 45.Bb1 Ne8 46.Bd3 Nd6 47.Kf2 Ke6 48.Ke3 Kd7 49.Kf2  1/2-1/2

[Event "ch-UKR sf"]
[Site "Alushta UKR"]
[Date "2006.05.18"]
[Round "6"]
[White "Kruglyakov,P"]
[Black "Shumilov,I"]
[Result "1/2-1/2"]
[WhiteElo "2300"]
[BlackElo "2168"]

1.Nf3 d5 2.g3 e6 3.Bg2 f5 4.O-O Nf6 5.d3 Be7 6.Nbd2 O-O 7.c3 Bd7 8.Ne5 c6
9.e4 Be8 10.exf5 exf5 11.f4 Nbd7 12.Ndf3 Bh5 13.h3 Qb6+ 14.Kh2 Rae8 15.Qb3 Bd6
16.Qxb6 axb6 17.d4 b5 18.Nxd7 Nxd7 19.Ne5 Nb6 20.b3 Ra8 21.Be3 Ra3 22.g4 Bg6
23.Bc1 Ra6 24.b4 Rfa8 25.Nxg6 hxg6 26.gxf5 gxf5 27.a3 Nc4 28.h4 Be7 29.Bh3 Bxh4
30.Bxf5 Nxa3 31.Kh3 Bf6 32.Be6+ Kf8 33.f5 Nc4 34.Rxa6 Rxa6 35.Rf3 Nd6 36.Bf4 Ke7
37.Bxd6+ Kxd6 38.Kg4 Ra3 39.Rd3 Ra1 40.Bf7 Rg1+ 41.Kf3 Rg5 42.Bg6 Rg1 43.Ke2 Bg5
44.Rh3 Rg2+ 45.Kd1 Rd2+ 46.Ke1 Rc2 47.Kd1 Rc1+ 48.Ke2 b6 49.Kd3 c5 50.bxc5+ bxc5
51.dxc5+ Kxc5 52.Rh8 Kd6 53.Rb8 Bf6 54.Rxb5 Rxc3+ 55.Kd2 Rc7 56.Kd3 Ra7 57.Be8 Re7
58.Bh5 Ra7  1/2-1/2

[Event "ch-St Petersburg w"]
[Site "St Petersburg RUS"]
[Date "2006.05.18"]
[Round "6"]
[White "Sirotkina,N"]
[Black "Korbut,E"]
[Result "0-1"]
[WhiteElo "2277"]
[BlackElo "2442"]

1.Nf3 d5 2.g3 Bg4 3.Bg2 Nd7 4.c4 e6 5.O-O Ngf6 6.cxd5 exd5 7.Nc3 c6 8.h3 Bh5
9.d3 Bc5 10.e4 dxe4 11.dxe4 O-O 12.Qc2 Re8 13.Nh4 Bg6 14.Kh2 Bd4 15.Nxg6 hxg6
16.f4 Bxc3 17.bxc3 Qa5 18.e5 Nd5 19.c4 Qc5 20.Rf3 b5 21.Bf1 N7b6 22.Ba3 b4
23.Bb2 Ne3 24.Qf2 Nxf1+ 25.Rxf1 Qxf2+ 26.R3xf2 Rad8 27.Rc1 c5 28.Rcc2 Rd3
29.Rfe2 a5 30.Bc1 a4 31.Re3 Red8 32.e6 fxe6 33.Rxe6 b3 34.axb3 axb3 35.Rce2 Nxc4
36.Rxg6 Rc3 37.Re1 Rc2+ 38.Kg1 b2 39.Bxb2 Nxb2 40.f5 Kh7 41.Rg4 Rd4  0-1

[Event "3rd All-China Games"]
[Site "Suzhou CHN"]
[Date "2006.05.21"]
[Round "4"]
[White "Li Ruofan"]
[Black "Guo Yu"]
[Result "0-1"]
[WhiteElo "2391"]
[BlackElo "2411"]

1.Nf3 d5 2.g3 Nf6 3.Bg2 c6 4.O-O Bg4 5.d3 Nbd7 6.Qe1 e5 7.e4 dxe4 8.dxe4 Bxf3
9.Bxf3 Bc5 10.Nd2 O-O 11.Nc4 b5 12.Ne3 Re8 13.Nf5 Nf8 14.Qe2 Ne6 15.c3 Qc7
16.Bd2 Rad8 17.Rad1 Bf8 18.Bg2 Qa5 19.a3 Qa4 20.Bc1 Qa5 21.f4 Rxd1 22.Rxd1 Qc7
23.Rf1 Nc5 24.Qc2 Qb6 25.b4 Ne6+ 26.Kh1 Qc7 27.fxe5 Ng4 28.c4 bxc4 29.Qxc4 Nxe5
30.Qc3 c5 31.Bb2 f6 32.Ne3 cxb4 33.axb4 Qxc3 34.Bxc3 Nd3 35.Nd5 Ng5 36.Bxf6 Nxe4
37.Bd4 Nxb4 38.Rxf8+ Rxf8 39.Nxb4 a5 40.Nc2 a4 41.Kg1 Kf7 42.Bf1 Nd2 43.Bb5 Rc8
44.Bxa4 Rc4 45.Be3 Rxa4 46.Bxd2 Ra2 47.h4 Rxc2 48.Bf4 h5 49.Be5  0-1

[Event "37th Olympiad w"]
[Site "Turin ITA"]
[Date "2006.05.24"]
[Round "4"]
[White "Ribeiro,Re"]
[Black "Connolly,S"]
[Result "1/2-1/2"]
[WhiteElo "2111"]
[BlackElo "2027"]

1.Nf3 d5 2.g3 c6 3.Bg2 Nf6 4.O-O g6 5.b3 Bg7 6.Bb2 O-O 7.d3 b6 8.Nbd2 Bb7
9.c4 c5 10.cxd5 Bxd5 11.Nc4 Nbd7 12.Qc2 Rc8 13.e4 Bxc4 14.dxc4 e6 15.Rad1 Qc7
16.h3 e5 17.h4 Rfe8 18.Bh3 Rcd8 19.Rd2 Bh6 20.Ng5 Nb8 21.Rxd8 Qxd8 22.f4 Nc6
23.Rd1 Qe7 24.Bg2 Bg7  1/2-1/2

[Event "37th Olympiad w"]
[Site "Turin ITA"]
[Date "2006.05.24"]
[Round "4"]
[White "Foisor,C"]
[Black "Krush,I"]
[Result "1/2-1/2"]
[WhiteElo "2392"]
[BlackElo "2437"]

1.Nf3 d5 2.g3 Bg4 3.Bg2 Nd7 4.d3 c6 5.Nbd2 Ngf6 6.O-O e5 7.h3 Bh5 8.e4 dxe4
9.dxe4 Be7 10.Qe2 O-O 11.a4 a5 12.b3 Qc7 13.Bb2 Rfe8 14.Rfd1 Bf8 15.Nc4 Bg6
16.Nh4 Bh5 17.Nf3 Bg6 18.Nh4 Bh5 19.Bf3 Bxf3 20.Nxf3 b5 21.Ncd2 Qb7 22.Bc3 Bb4
23.Qe3 Bc5 24.Qe1 Bb4 25.Qe3 Bc5 26.Qe1 Bb4  1/2-1/2

[Event "37th Olympiad w"]
[Site "Turin ITA"]
[Date "2006.05.25"]
[Round "5"]
[White "Ribeiro,Re"]
[Black "Milligan,H"]
[Result "1/2-1/2"]
[WhiteElo "2111"]
[BlackElo "2053"]

1.Nf3 d5 2.g3 Nf6 3.Bg2 e6 4.O-O Bd6 5.c4 O-O 6.b3 c5 7.e3 Nc6 8.Bb2 b6 9.d4 Bb7
10.Ne5 Qc7 11.f4 cxd4 12.exd4 Ne7 13.Na3 a6 14.Rc1 dxc4 15.Bxb7 Qxb7 16.Naxc4 Bc7
17.Ba3 Rfe8 18.Ne3 Ned5 19.Qf3 Rac8 20.f5 Qa8 21.fxe6 fxe6 22.Nxd5 Qxd5 23.Qxd5 exd5
24.Nc6 Bd8 25.Nxd8 Rexd8 26.Be7 Rxc1 27.Rxc1 Rb8 28.Bxf6 gxf6 29.Rc7 Re8
30.Rc6 Re2 31.a4 b5 32.Rxa6 bxa4 33.Rxa4 Rb2 34.Ra5 Rxb3 35.Rxd5 Rb2 36.Rd7 Rd2
37.g4 Kf8 38.h3 Ke8 39.Rxh7 Rxd4 40.Kg2 Rd3 41.h4 Kf8 42.h5 Kg8 43.Ra7 Rb3
44.Kf2 Rc3 45.Re7 Rb3 46.Re3 Rb4 47.Kf3 Kf7 48.Re4 Rb3+ 49.Kf4 Rb1 50.Ra4 Rf1+
51.Kg3 Rg1+ 52.Kh2 Rb1 53.Ra7+ Kg8 54.Kg3 Rg1+ 55.Kf4 Rf1+ 56.Ke4 Kh8 57.Ra5 Kg7
58.Rf5 Re1+ 59.Kd5 Re2 60.Rf4 Re5+ 61.Kd6 Re1 62.Ra4 Re2 63.Ra7+ Kg8 64.Re7 Rg2
65.Re4 Kf7 66.Rf4 Rd2+ 67.Kc5 Kg7 68.Ra4 Rd1 69.Rd4 Re1 70.Kd6 Kf7 71.Ra4 Re6+
72.Kd5 Re5+ 73.Kd4 Re1 74.Ra7+ Kg8 75.Kd5 Re5+ 76.Kd6 Re4 77.Ra8+ Kg7 78.Ra7+ Kg8  1/2-1/2

[Event "37th Olympiad w"]
[Site "Turin ITA"]
[Date "2006.05.25"]
[Round "5"]
[White "Skripchenko,A"]
[Black "Wan Khye Theng"]
[Result "1-0"]
[WhiteElo "2423"]
[BlackElo "1989"]

1.Nf3 d5 2.g3 Nf6 3.Bg2 e6 4.O-O c5 5.d3 Nc6 6.Nbd2 Be7 7.e4 O-O 8.e5 Nd7
9.Re1 b5 10.Nf1 b4 11.h4 a5 12.N1h2 Ba6 13.Bf4 Nd4 14.Nxd4 cxd4 15.Qg4 Kh8
16.Bg5 Bxg5 17.hxg5 Qc7 18.Re2 Qb6 19.b3 a4 20.Rb1 axb3 21.axb3 Rac8 22.Nf3 Rc3
23.Nxd4 Nb8 24.Rd1 Nc6 25.Nxc6 Rxc6 26.Ra1 Rfc8 27.Ra2 Bb7 28.Bf3 R6c7 29.Kg2 Kg8
30.d4 Rc3 31.Rd2 Qc7 32.Be2 Bc6 33.Bd3 Qe7 34.Rd1 g6 35.Rh1 h5 36.gxh6 Kh7
37.Rha1 Be8 38.Qf4 R3c7 39.Ra8 Bc6 40.Rxc8 Rxc8 41.Ra6 Bb7 42.Rb6 Rc6 43.Rxb7 Qxb7
44.Qf6  1-0

[Event "37th Olympiad w"]
[Site "Turin ITA"]
[Date "2006.05.27"]
[Round "6"]
[White "Khaziyeva,D"]
[Black "De Blecourt,S"]
[Result "0-1"]
[WhiteElo "2103"]
[BlackElo "2077"]

1.Nf3 d5 2.g3 Nf6 3.Bg2 Bg4 4.O-O c6 5.d3 Nbd7 6.Nbd2 e5 7.e4 Bd6 8.h3 Bh5
9.Qe1 O-O 10.Nh4 Re8 11.Nf5 Bc7 12.g4 Bg6 13.Kh1 Nc5 14.Rg1 Nxg4 15.f3 Nf6
16.Nh4 Ne6 17.Nf1 Nh5 18.Ne3 Bb6 19.Bf1 Nef4 20.Rg4 Nf6 21.Rg1 Qd7 22.Qg3 N6h5
23.Qh2 Qd8 24.Qf2 Qf6 25.Qe1 Qe6 26.Kh2 Rad8 27.Rg5 Qf6 28.Rg4 Qd6 29.Nhf5 Qf6
30.Bd2 d4 31.Rxg6 hxg6 32.Ng4 Qe6 33.Nh4 Rd7 34.Bxf4 Nxf4 35.a3 Qe7 36.Ng2 Nh5
37.Rd1 f5 38.Nf2 Qg5 39.Nh1 Rf7 40.Be2 Ref8 41.h4 Qf6 42.Ng3 Nf4 43.Nf1 Bd8
44.Nxf4 exf4 45.Kh3 g5 46.hxg5 Qxg5 47.e5 g6  0-1

[Event "9th L.Kaplun Mem"]
[Site "Ternopil UKR"]
[Date "2006.05.28"]
[Round "7"]
[White "Stopkin,V"]
[Black "Udovik,A"]
[Result "1/2-1/2"]
[WhiteElo "2310"]
[BlackElo "2094"]

1.Nf3 d5 2.g3 Nd7 3.c4 dxc4 4.Qa4 c5 5.Qxc4 Ngf6 6.Bg2 Rb8 7.O-O b5 8.Qc2 Bb7
9.a4 a6 10.b3 e6 11.Bb2 Be7 12.axb5 axb5 13.Nc3 Qb6 14.Ne1 O-O 15.Bxb7 Qxb7
16.Ng2 Rfc8 17.Ne3 Nd5 18.Ncxd5 exd5 19.Qf5  1/2-1/2

[Event "37th Olympiad w"]
[Site "Turin ITA"]
[Date "2006.05.28"]
[Round "7"]
[White "Sarquis,M"]
[Black "Melendez,G"]
[Result "1/2-1/2"]
[WhiteElo "2153"]
[BlackElo "1883"]

1.Nf3 d5 2.g3 Bg4 3.Bg2 Bxf3 4.Bxf3 e5 5.d3 c6 6.Nd2 Nf6 7.c4 Be7 8.O-O O-O
9.a3 Nbd7 10.b4 a5 11.Rb1 axb4 12.axb4 b5 13.Qc2 Qb6 14.c5 Qb7 15.Nb3 Bd8
16.Bd2 Re8 17.e4 dxe4 18.dxe4 Nf8 19.Ra1 Bc7 20.Bc3 Ne6 21.Bg2 Red8 22.Qb2 Nd7
23.h4 f6 24.Bh3 Ndf8 25.Rfd1 Rxd1+ 26.Rxd1 Rd8 27.Rxd8 Bxd8 28.Qd2 Kf7 29.Kf1 Qd7
30.Qxd7+ Nxd7 31.Ke2 Bc7 32.Ke3 Ke7 33.Nc1 g6 34.Nd3 Ng7 35.f4 Ne6 36.Bg4 h5
37.Bd1 exf4+ 38.gxf4 Ng7 39.Bf3 Nb8 40.Be1 Ke6 41.Bg3 f5 42.e5 Bd8 43.Nc1 Kd7
44.Nb3 Ne6 45.Be1 Na6 46.Nd4 Nxd4 47.Kxd4 Nc7  1/2-1/2

[Event "37th Olympiad w"]
[Site "Turin ITA"]
[Date "2006.05.29"]
[Round "8"]
[White "Ribeiro,Re"]
[Black "Monterroso,K"]
[Result "1-0"]
[WhiteElo "2111"]
[BlackElo "1723"]

1.Nf3 d5 2.g3 c6 3.Bg2 Nf6 4.O-O Bf5 5.b3 e6 6.Bb2 h6 7.d3 Nbd7 8.Nbd2 Bc5
9.c4 O-O 10.Qc2 Be7 11.a3 a5 12.Bc3 Bh7 13.e4 Qc7 14.b4 axb4 15.axb4 dxe4
16.dxe4 Rfd8 17.Rfe1 c5 18.b5 Bd6 19.Qb2 e5 20.Nh4 Nb6 21.f4 Nfd7 22.Nf5 f6
23.Nxd6 Qxd6 24.Rxa8 Rxa8 25.fxe5 Nxe5 26.Bxe5 fxe5 27.Nf3 Nxc4 28.Qb3 Kh8
29.Qxc4 Bg8 30.Qc2 Ra2 31.Qc3 b6 32.Qxe5 Qd3 33.Nh4 Qd2 34.Ra1 Qe3+ 35.Kh1 Re2
36.Rf1 Qd2 37.Nf5 Qg5 38.h4 Qg6 39.Rd1 Qg4 40.Kg1 Rxg2+ 41.Kxg2 Qe2+ 42.Kh3  1-0

[Event "37th Olympiad w"]
[Site "Turin ITA"]
[Date "2006.05.30"]
[Round "9"]
[White "Goletiani,R"]
[Black "Ushenina,A"]
[Result "1/2-1/2"]
[WhiteElo "2371"]
[BlackElo "2397"]

1.Nf3 d5 2.g3 c5 3.Bg2 Nc6 4.d4 e6 5.O-O Nf6 6.c4 dxc4 7.Qa4 Bd7 8.dxc5 Bxc5
9.Qxc4 Be7 10.Nc3 O-O 11.e4 Qa5 12.Rd1 Rac8 13.Qe2 h6 14.Bd2 Qc7 15.Rac1 Rfd8
16.Bf4 Qa5 17.h3 Be8 18.Bd2 Qb6 19.Be3 Qa5 20.Nd4 Nxd4 21.Bxd4 Bc6 22.a3 a6
23.Kh2 Nd7 24.f4 b5 25.Nd5 Bf8 26.Bc3 Qa4 27.Rd4 Qb3 28.Nb4 Nb8 29.Nxc6 Nxc6
30.Rxd8 Nxd8 31.Rd1 Bxa3 32.Rd3 Be7 33.Bxg7 Qc2 34.Rd2 Qc4 35.Bxh6 Qxe2 36.Rxe2 Kh7
37.Bg5 Bxg5 38.fxg5 Rc5 39.e5 Nc6 40.Bxc6 Rxc6 41.h4 Kg6 42.g4 Rc5 43.Kg3 a5
44.Kf4 Rc4+ 45.Re4 Rc2 46.h5+ Kg7 47.b3 Rb2 48.Re3 a4 49.bxa4 bxa4 50.g6 fxg6
51.Kg5 gxh5 52.Kxh5 Rb5 53.Rc3 Rxe5+ 54.g5 Rf5 55.Rc6 Rf7 56.Ra6 Re7 57.Rxa4 e5
58.Re4 Re6 59.Rb4 Re7 60.Re4 Re6 61.Rb4 Re7 62.Re4  1/2-1/2

[Event "37th Olympiad w"]
[Site "Turin ITA"]
[Date "2006.05.30"]
[Round "9"]
[White "Chelushkina,I"]
[Black "Dengler,D"]
[Result "1/2-1/2"]
[WhiteElo "2320"]
[BlackElo "2144"]

1.g3 d5 2.Nf3 c6 3.Bg2 Bg4 4.Ne5 Bf5 5.d4 Nd7 6.Nd3 e6 7.Nd2 Ngf6 8.O-O Be7
9.a4 a5 10.c3 O-O 11.Nf3 Ne4 12.Nfe1 Qb6 13.f3 Nd6 14.Nf2 Bg6 15.Ned3 h6
16.e4 dxe4 17.fxe4 e5 18.Qe2 exd4 19.cxd4 Qxd4 20.Be3 Qc4 21.Rfc1 Qa6 22.Qc2 Rad8
23.Nf4 Bh7 24.Qb3 Rfe8 25.Bf1 Qa8 26.Re1 Ne5 27.Bb6 Rd7 28.Rad1 Nc8 29.Rxd7 Nxd7
30.Bd4 Bc5 31.Qc3 Bxd4 32.Qxd4 Ne5 33.Bg2 Qa7 34.Qxa7 Nxa7 35.Rd1 Nc8 36.N4d3 Nxd3
37.Rxd3 Nb6 38.Rb3 Nxa4 39.Rxb7 Nc5 40.Ra7 Nxe4 41.Rxa5 Bg6 42.Ra4 Nxf2 43.Kxf2 Rb8
44.b4 Bc2 45.Ra2 Bb3 46.Rb2 Rxb4 47.Bxc6 Rc4 48.Bd5 Rc2+ 49.Rxc2 Bxc2 50.h4  1/2-1/2

[Event "28th Nezhmetdinov mem"]
[Site "Kazan RUS"]
[Date "2006.06.01"]
[Round "1"]
[White "Zemtsov,I"]
[Black "Matsenko,E"]
[Result "1-0"]
[WhiteElo "2361"]
[BlackElo "2050"]

1.Nf3 d5 2.g3 Nf6 3.Bg2 Bf5 4.O-O e6 5.d3 Be7 6.c4 c6 7.Nc3 O-O 8.Be3 Nbd7
9.Qb3 Qc7 10.Rac1 dxc4 11.Qxc4 Ne5 12.Nxe5 Qxe5 13.b4 Nd5 14.Bd4 Qd6 15.e4 Nxc3
16.Qxc3 Bg6 17.Bxg7 Rfd8 18.Bh6 f6 19.Qb3 Bf7 20.Qd1 f5 21.Rc3 Bf6 22.Rb3 e5
23.exf5 Bxb3 24.Qxb3+ Kh8 25.g4 Rg8 26.h3 Rad8 27.Be4 Bg5 28.Bxg5 Rxg5 29.b5 h5
30.bxc6 bxc6 31.f3 hxg4 32.fxg4 Rdg8 33.Qc3 c5 34.Rc1 Rc8 35.Rb1 Rg7 36.Kg2 Rgc7
37.Rb5 Qf6 38.Rb7 Rxb7 39.Bxb7 Rc7 40.Be4 Kg7 41.h4 Kf8 42.g5 Qd6 43.Qc4 Qb6
44.Qd5 Re7 45.f6 Re8 46.Bg6 Qc7 47.Bxe8  1-0

[Event "White Nights Open"]
[Site "St Petersburg RUS"]
[Date "2006.06.01"]
[Round "9"]
[White "Zakharov,Y"]
[Black "Timchenko,A"]
[Result "0-1"]
[WhiteElo "1996"]
[BlackElo "2119"]

1.Nf3 d5 2.g3 c5 3.Bg2 Nc6 4.d4 Nf6 5.O-O e6 6.b3 Be7 7.Bb2 O-O 8.Nbd2 b6
9.Ne5 Bb7 10.Nxc6 Bxc6 11.dxc5 bxc5 12.c4 Qb6 13.cxd5 exd5 14.Qc2 Rac8 15.e3 Rfd8
16.Rac1 Bb5 17.Rfe1 Qa6 18.Qb1 Bf8 19.Qa1 Bd3 20.Bh3 Rc6 21.Nf3 Ne4 22.Bg2 f6
23.Rcd1 Be2 24.Bf1 Bxf1 25.Rxf1 Qe2 26.Kg2 Ng5 27.Ng1 Qg4 28.f3 Qe6 29.h4 Nf7
30.Rfe1 Bd6 31.e4 d4 32.Nh3 g5 33.hxg5 fxg5 34.Qc1 h6 35.f4 gxf4 36.Nxf4 Qg4
37.Rxd4 cxd4 38.Qxc6 Bxf4  0-1

[Event "28th Nezhmetdinov mem"]
[Site "Kazan RUS"]
[Date "2006.06.03"]
[Round "3"]
[White "Amirkhanov,Ro"]
[Black "Jusupov,T"]
[Result "1-0"]
[WhiteElo "2246"]
[BlackElo "2084"]

1.Nf3 d5 2.g3 c5 3.Bg2 Nc6 4.d4 e6 5.O-O Nf6 6.c4 dxc4 7.Qa4 Qa5 8.Qxc4 Qb4
9.Qxb4 Nxb4 10.Na3 Be7 11.Bd2 Nbd5 12.Rfc1 b6 13.dxc5 Bxc5 14.Ne5 Bb7 15.Nb5 O-O
16.Nd3 Be7 17.e4 Rad8 18.exd5 Bxd5 19.Bf1 Be4 20.Bb4 Bxb4 21.Nxb4 Rd2 22.Nc3 Rxb2
23.Nxe4 Rxb4 24.Nxf6+ gxf6  1-0

[Event "37th Olympiad w"]
[Site "Turin ITA"]
[Date "2006.06.03"]
[Round "12"]
[White "Kovalevskaya,E"]
[Black "Milliet,S"]
[Result "1/2-1/2"]
[WhiteElo "2460"]
[BlackElo "2330"]

1.Nf3 d5 2.g3 Bg4 3.Bg2 Nd7 4.c4 c6 5.cxd5 cxd5 6.Qa4 Bxf3 7.Bxf3 Nf6 8.Nc3 e6
9.e4 dxe4 10.Nxe4 Nxe4 11.Bxe4 Be7 12.d4 O-O 13.O-O Nb6 14.Qc2 Qxd4 15.Bxh7+ Kh8
16.Be4 Qc4 17.Qxc4 Nxc4 18.b3 Nd6 19.Bf3 Bf6 20.Rb1 Rfd8 21.Bb2 Bxb2 22.Rxb2 Kg8
23.Rd2 Kf8 24.Rc1 Rab8 25.h4 Ke7 26.h5 Rbc8 27.Rxc8 Rxc8 28.Kg2 b6 29.g4 f6
30.Re2 Nb5 31.Be4 e5 32.Rd2 Rd8 33.Rc2  1/2-1/2